000
003080000a22001450004500
001
000847
003
MACL
040
_a
MACL
090
_c
847
_d
847
100
_a
Muller, Max F.
245
_a
The Sacred Books Of the East
_c
Max F. Muller
260
_a
AVF Books,
_c
1987
650
_a
Religion
942
_k
294
_c
Book
999
_c
845
_d
845